000 00582nam a2200193 a 4500
001 2530
005 20140414131850.0
008 050602s19uu xx 00 eng d
020 _a0-86020-049-3
050 _aM 523
_bG22 1976
100 _aGatland, Kenneth
245 _aSpaceflight :
_cwritten by Kenneth Gatland.
_bThe young scientist book of /
260 _aLondon :
_bUSborne Publishing,
_c1976.
300 _a32 p. : ill. ; cm.
440 _aYoung Scientist Book
650 _aSpace
_xJuvenile literature.
650 _aExperiments
_xJuvenile literature.
999 _c110144
_d110144